| 000 | nam a22 a 4500 | ||
|---|---|---|---|
| 999 |
_c135958 _d135958 |
||
| 003 | BLK | ||
| 005 | 20210310141115.0 | ||
| 008 | 180409b bul|||||r ||||||| ||bul|| | ||
| 010 | _aKNG00141893000 | ||
| 040 | _aBLK | ||
| 041 |
_aBUL _cBUL |
||
| 080 |
_aОбща теория на държавата. Теория (философия) на властта. Вж и 323.2 ; 342.1 ; 343.2 _b321.01 _z321.01 |
||
| 080 |
_aНаправления в теория на правото. Правни школи. Философия на правото _b340.12 _z340.12 |
||
| 100 | 1 |
_aРусо, Жан-Жак _eпърви автор _9367707 |
|
| 139 |
_aРусо, Жан-Жак _bР 96 |
||
| 245 | 1 | 0 |
_aОбществения договор _cЖан-Жак Русо; прев. К. С.. |
| 257 | _aFRA | ||
| 260 |
_aСофия _bСт. Атанасов _c[1912] |
||
| 300 |
_aІV, 132 с. _c21 см |
||
| 380 | _a3 | ||
| 650 | 4 |
_aОбществен бит - история _9286182 |
|
| 650 | 4 |
_aОбщество - развитие _9244543 |
|
| 650 | 4 |
_aЗаконодателство _9155704 |
|
| 650 | 4 |
_aУправление на обществото _9256490 |
|
| 653 | _aобщество | ||
| 653 | _aуправление на обществото | ||
| 653 | _aзаконодателство | ||
| 653 | _aрелигии | ||
| 653 | _aсвобода на словото | ||
| 700 | 1 |
_aК. С. _eпрев. _gСтанчев, Кръстю Тодоров _9378835 |
|
| 852 |
_aЦб 3.205.12571 _bЦб |
||
| 856 | 4 | _qpdf | |
| 856 | 4 | _qpdf | |
| 942 |
_cKNG _n0 _s1 |
||
| 944 |
_aCR _c11.04.2013 _l11.04.2013 - от С1,Р / 11.04.2013 _kНаталия_Медовщикова |
||
| 944 |
_aED _c2021-03-10 _kГГГ |
||
| 999 | _d135958 | ||